| 000 | 00487nam a2200181Ia 4500 | ||
|---|---|---|---|
| 001 | 18766 | ||
| 005 | 20260306171655.0 | ||
| 008 | 260306s9999||||xx |||||||||||||| ||und|| | ||
| 041 | _aESP | ||
| 082 |
_a658.5 _bD69 |
||
| 100 |
_aDíaz Chuquipiondo, Hermilio _eAUT |
||
| 245 | 0 |
_aGestión de la cadena de suministro: _balmacenamiento: logística y abastecimiento |
|
| 260 | _c2016 | ||
| 300 |
_a390 páginas : _c25 cm. |
||
| 650 | _aGEN | ||
| 654 | _aCAN | ||
| 942 |
_cLIB _dJUS _fJUS _2ddc _n |
||
| 999 |
_c18766 _d18766 |
||